| 000 | 00551nam a2200229Ia 4500 | ||
|---|---|---|---|
| 003 | OSt | ||
| 005 | 20250625132254.0 | ||
| 008 | 210423s2000 xx 000 0 und d | ||
| 020 | _a8122500102 | ||
| 040 | _cAL | ||
| 041 | _aeng | ||
| 082 |
_a001.42 _223 _bSARR |
||
| 100 |
_aSaravanavel P _990621 |
||
| 245 | _aResearch methodology | ||
| 260 |
_aNew Delhi _bKitab Mahal _c2000 |
||
| 300 |
_ax,486 _bPB |
||
| 365 |
_b150 _cINR |
||
| 650 |
_aGeneral _990622 |
||
| 650 |
_aResearch _990623 |
||
| 906 | _amethodology. ; Research | ||
| 942 |
_2ddc _cBK |
||
| 999 |
_c160192 _d160192 |
||